[Event "4NCL 3 South pool B"]
[Site "Daventry, ENG"]
[Date "2019.04.13"]
[Round "7.52"]
[White "Feavyour, John A"]
[Black "Clark, Kevin R"]
[Result "0-1"]
[WhiteElo "1960"]
[BlackElo "2125"]
[PlyCount "52"]
[EventDate "2019.04.13"]
[WhiteTeam "Iceni 2"]
[BlackTeam "Poisoned Pawns 1"]

1. d4 e6 2. c4 Nf6 3. Nc3 Bb4 4. e3 d5 5. Nf3 c5 6. Bd3 Nc6 7. O-O dxc4 8. Bxc4
O-O 9. a3 Bxc3 10. bxc3 Qc7 11. Qc2 e5 12. dxe5 Nxe5 13. Nxe5 Qxe5 14. f4 Qe7
15. Bd2 b6 16. Rae1 Bb7 17. Bd3 Be4 18. Bxe4 Qxe4 19. Rc1 c4 20. Qxe4 Nxe4 21.
Rfd1 Rad8 22. Be1 Rd3 23. Kf1 Rfd8 24. Ke2 f5 25. h3 h5 26. Bh4 Rxd1 0-1

[Event "4NCL 3 South pool B"]
[Site "Daventry, ENG"]
[Date "2019.04.13"]
[Round "7.53"]
[White "Rosen, Daniel B"]
[Black "Somton, Anita"]
[Result "1/2-1/2"]
[WhiteElo "2057"]
[BlackElo "1982"]
[PlyCount "49"]
[EventDate "2019.04.13"]
[WhiteTeam "Poisoned Pawns 1"]
[BlackTeam "Iceni 2"]

1. e4 c6 2. d4 d5 3. exd5 cxd5 4. c4 Nf6 5. Nc3 Nc6 6. Be3 e6 7. Nf3 Be7 8. h3
O-O 9. Be2 Ne4 10. O-O Bf6 11. cxd5 exd5 12. Qb3 Na5 13. Qc2 Bf5 14. Bd3 Rc8
15. Rac1 Bg6 16. Qb1 Nxc3 17. Rxc3 Rxc3 18. bxc3 Bxd3 19. Qxd3 Nc4 20. Rb1 Qc7
21. Bg5 Bxg5 22. Nxg5 g6 23. Nf3 Re8 24. Re1 Rxe1+ 25. Nxe1 1/2-1/2

[Event "4NCL 3 South pool B"]
[Site "Daventry, ENG"]
[Date "2019.04.13"]
[Round "7.54"]
[White "Botham, C Paul"]
[Black "Byway, Paul V"]
[Result "1-0"]
[WhiteElo "1948"]
[BlackElo "2038"]
[PlyCount "137"]
[EventDate "2019.04.13"]
[WhiteTeam "Iceni 2"]
[BlackTeam "Poisoned Pawns 1"]

1. c4 e6 2. Nf3 Nf6 3. Nc3 d5 4. cxd5 exd5 5. d4 Be7 6. Bg5 c6 7. e3 Nbd7 8.
Be2 O-O 9. O-O Re8 10. Qc2 Nf8 11. Bxf6 Bxf6 12. b4 a6 13. a4 Qd6 14. Rab1 Bg4
15. Rfd1 Nd7 16. a5 Bh5 17. Ne1 Bxe2 18. Nxe2 Nf8 19. Nd3 Rab8 20. Qc5 Be7 21.
Qxd6 Bxd6 22. Rdc1 g6 23. Rc2 Kg7 24. Nec1 Ne6 25. Nb3 Nc7 26. Ra1 Re7 27. h3
Nb5 28. Kf1 f5 29. g3 g5 30. Re1 Na3 31. Ra2 Nc4 32. Nd2 f4 33. gxf4 gxf4 34.
exf4 Rxe1+ 35. Kxe1 Rf8 36. Nb3 Bxf4 37. Nbc5 Re8+ 38. Re2 Bd2+ 39. Kd1 Rxe2
40. Kxe2 Bc3 41. Nxb7 Bxd4 42. Nbc5 Kf6 43. Nxa6 Ke7 44. Nac5 Kd6 45. Nb3 Bc3
46. f4 Ke6 47. Kf3 Kf5 48. a6 Nb6 49. a7 Na8 50. Ke3 Nc7 51. Nbc5 Na8 52. Nd7
Ke6 53. Nf8+ Kd6 54. Nxh7 Kc7 55. h4 Kb7 56. h5 Nb6 57. h6 Nc4+ 58. Kf3 Kxa7
59. Ng5 Bf6 60. h7 Kb6 61. Nf7 Kb5 62. h8=Q Bxh8 63. Nxh8 Nd6 64. Ng6 Kc4 65.
Nge5+ Kd4 66. Nc5 Kc3 67. Ned3 Kd4 68. Kg4 Ne4 69. f5 1-0

[Event "4NCL 3 South pool B"]
[Site "Daventry, ENG"]
[Date "2019.04.13"]
[Round "7.55"]
[White "Kemp, Paul R"]
[Black "Pack, James"]
[Result "1/2-1/2"]
[WhiteElo "2041"]
[BlackElo "1862"]
[PlyCount "39"]
[EventDate "2019.04.13"]
[WhiteTeam "Poisoned Pawns 1"]
[BlackTeam "Iceni 2"]

1. e4 d6 2. d4 Nf6 3. Nc3 e5 4. dxe5 dxe5 5. Qxd8+ Kxd8 6. Bc4 Bb4 7. Bd2 Be6
8. Bxe6 fxe6 9. Nge2 a6 10. O-O-O Ke7 11. h3 b5 12. Rhf1 Nbd7 13. f3 Bc5 14.
Rde1 Nb6 15. b3 Rhd8 16. Nb1 a5 17. c3 a4 18. b4 Bd6 19. Na3 c6 20. Be3 1/2-1/2

[Event "4NCL 3 South pool B"]
[Site "Daventry, ENG"]
[Date "2019.04.13"]
[Round "7.56"]
[White "Kenning, Paul H"]
[Black "McCorry, Robert T"]
[Result "1/2-1/2"]
[WhiteElo "1846"]
[BlackElo "2007"]
[PlyCount "57"]
[EventDate "2019.04.13"]
[WhiteTeam "Iceni 2"]
[BlackTeam "Poisoned Pawns 1"]

1. e4 c5 2. Nf3 e6 3. Nc3 Nc6 4. Bb5 Nge7 5. O-O a6 6. Bxc6 Nxc6 7. Re1 Be7 8.
d4 cxd4 9. Nd5 exd5 10. exd5 O-O 11. dxc6 dxc6 12. Qxd4 Qxd4 13. Nxd4 Bf6 14.
c3 c5 15. Nf3 Be6 16. Bg5 Rad8 17. Bxf6 gxf6 18. h3 Rd3 19. Rad1 Rfd8 20. Rxd3
Rxd3 21. a3 Kf8 22. Re2 Rd1+ 23. Kh2 Ke7 24. Kg3 a5 25. Rd2 Rb1 26. Kf4 b5 27.
Ke4 Rc1 28. Ke3 Bc4 29. Kf4 1/2-1/2

[Event "4NCL 3 South pool B"]
[Site "Daventry, ENG"]
[Date "2019.04.13"]
[Round "7.61"]
[White "Frostick, Clive A"]
[Black "Briscoe, Chris"]
[Result "1/2-1/2"]
[WhiteElo "2121"]
[BlackElo "2207"]
[PlyCount "71"]
[EventDate "2019.04.13"]
[WhiteTeam "CSC 1"]
[BlackTeam "Surbiton"]

1. e4 c5 2. Nf3 d6 3. Bb5+ Nd7 4. c3 Ngf6 5. Qe2 a6 6. Ba4 b5 7. Bc2 Bb7 8. d4
cxd4 9. cxd4 Rc8 10. O-O e5 11. a3 Be7 12. Nc3 O-O 13. Rd1 Qc7 14. Bg5 Rfe8 15.
Rac1 h6 16. Bh4 Nh5 17. Bxe7 Rxe7 18. dxe5 Nxe5 19. Nxe5 Rxe5 20. Qd2 Nf6 21.
Qxd6 Qxd6 22. Rxd6 Nxe4 23. Bxe4 Rxe4 24. Rd7 Ba8 25. Rcd1 Re6 26. f3 Bc6 27.
Rd8+ Rxd8 28. Rxd8+ Kh7 29. Kf2 a5 30. Rb8 Re5 31. Rb6 Bd7 32. Rb7 Be8 33. Rb8
Bc6 34. Rb6 Bd7 35. Rb7 Be8 36. Rb8 1/2-1/2

[Event "4NCL 3 South pool B"]
[Site "Daventry, ENG"]
[Date "2019.04.13"]
[Round "7.62"]
[White "Scott, David A"]
[Black "Kalitsis, Nikolaos"]
[Result "0-1"]
[WhiteElo "2156"]
[BlackElo "2046"]
[PlyCount "120"]
[EventDate "2019.04.13"]
[WhiteTeam "Surbiton"]
[BlackTeam "CSC 1"]

1. d4 e6 2. c4 Nf6 3. Nf3 b6 4. g3 Bb7 5. Bg2 Bb4+ 6. Bd2 Qe7 7. O-O Bxd2 8.
Qxd2 Ne4 9. Qd3 d5 10. Nfd2 f5 11. f3 Nxd2 12. Nxd2 O-O 13. f4 Rd8 14. Rfc1 c5
15. Nf3 Nc6 16. Qe3 dxc4 17. dxc5 b5 18. b3 Na5 19. b4 Nc6 20. Ng5 Re8 21. a3
a5 22. bxa5 h6 23. Nf3 Nxa5 24. Nd4 Bxg2 25. Kxg2 Qxc5 26. Rab1 Nb3 27. Rd1
Rxa3 28. Kf2 Nxd4 29. Qxd4 Rc8 30. Qxc5 Rxc5 31. Rd8+ Kf7 32. Rb8 Rb3 33. Rb7+
Kf6 34. Rd1 Rc8 35. Rdd7 Rg8 36. Rf7+ Kg6 37. Rfe7 c3 38. Rxe6+ Kh7 39. Rc6 b4
40. h3 Rb2 41. g4 c2 42. g5 hxg5 43. fxg5 Re8 44. Rcc7 Rxe2+ 45. Kf3 Re7 46.
Rxe7 c1=Q 47. Rxg7+ Kh8 48. Rh7+ Kg8 49. Rbg7+ Kf8 50. Rf7+ Ke8 51. Re7+ Kd8
52. Rd7+ Kc8 53. Rc7+ Qxc7 54. Rxc7+ Kxc7 55. g6 Rd2 56. h4 b3 57. g7 Rd8 58.
h5 b2 59. h6 b1=Q 60. h7 Qe4+ 0-1

[Event "4NCL 3 South pool B"]
[Site "Daventry, ENG"]
[Date "2019.04.13"]
[Round "7.63"]
[White "Fegan, Chris"]
[Black "Seymour, Timothy P"]
[Result "1/2-1/2"]
[WhiteElo "2038"]
[BlackElo "2123"]
[PlyCount "29"]
[EventDate "2019.04.13"]
[WhiteTeam "CSC 1"]
[BlackTeam "Surbiton"]

1. d4 Nf6 2. c4 e6 3. Nf3 d5 4. g3 Bb4+ 5. Bd2 Be7 6. Nc3 O-O 7. Bg2 c6 8. O-O
b6 9. Bg5 Nbd7 10. Qa4 Bb7 11. Rac1 a6 12. Qc2 h6 13. Bxf6 Nxf6 14. Ne5 Rc8 15.
Rfd1 1/2-1/2

[Event "4NCL 3 South pool B"]
[Site "Daventry, ENG"]
[Date "2019.04.13"]
[Round "7.64"]
[White "Faulks, Nick"]
[Black "Amato, Giampiero"]
[Result "1-0"]
[WhiteElo "1925"]
[BlackElo "1994"]
[PlyCount "95"]
[EventDate "2019.04.13"]
[WhiteTeam "Surbiton"]
[BlackTeam "CSC 1"]

1. e4 e5 2. f4 exf4 3. Bc4 c6 4. d4 d5 5. exd5 cxd5 6. Bb5+ Nc6 7. Qe2+ Be7 8.
Bxf4 Nf6 9. Nf3 O-O 10. O-O Bg4 11. c3 Re8 12. Qc2 Rc8 13. Nbd2 a6 14. Bxc6
Rxc6 15. Ne5 Re6 16. Ndf3 Bxf3 17. Rxf3 Bd6 18. Raf1 Qb6 19. Kh1 Qc7 20. h3 Ne4
21. Nd3 Kh8 22. Bxd6 Qxd6 23. Ne5 Kg8 24. Nxf7 Ng3+ 25. Kg1 Qc7 26. Ng5 Rg6 27.
Rf8+ Rxf8 28. Rxf8+ Kxf8 29. Qxg6 Ne2+ 30. Kf1 Ng3+ 31. Ke1 hxg6 32. Ne6+ Ke7
33. Nxc7 Kd6 34. Ne8+ Kd7 35. Nxg7 Ke7 36. Kf2 Ne4+ 37. Kf3 Kf7 38. Kf4 Kxg7
39. Ke5 Nf6 40. Kd6 a5 41. a4 Kf7 42. Kc7 Ke6 43. Kxb7 Kd6 44. b4 axb4 45. cxb4
Ng8 46. a5 Ne7 47. a6 Nc6 48. a7 1-0

[Event "4NCL 3 South pool B"]
[Site "Daventry, ENG"]
[Date "2019.04.13"]
[Round "7.65"]
[White "Foley, John P"]
[Black "Alcock, Graham P"]
[Result "1-0"]
[WhiteElo "1962"]
[BlackElo "1750"]
[PlyCount "37"]
[EventDate "2019.04.13"]
[WhiteTeam "CSC 1"]
[BlackTeam "Surbiton"]

1. d4 Nf6 2. Nf3 g6 3. Bf4 Bg7 4. Nc3 d5 5. e3 O-O 6. Be2 Nbd7 7. O-O e6 8. Ne5
a6 9. Bf3 c5 10. Re1 cxd4 11. exd4 b5 12. a4 b4 13. Nc6 Qb6 14. Ne7+ Kh8 15. a5
Qb7 16. Na4 Re8 17. Nxc8 Rexc8 18. Qd3 Rc4 19. Qxc4 1-0

[Event "4NCL 3 South pool B"]
[Site "Daventry, ENG"]
[Date "2019.04.13"]
[Round "7.66"]
[White "Sheard, Jack"]
[Black "Towers, Nigel S"]
[Result "0-1"]
[WhiteElo "1720"]
[BlackElo "1822"]
[PlyCount "168"]
[EventDate "2019.04.13"]
[WhiteTeam "Surbiton"]
[BlackTeam "CSC 1"]

1. Nf3 Nf6 2. c4 e6 3. g3 d5 4. Bg2 Be7 5. O-O O-O 6. b3 c6 7. Bb2 Nbd7 8. d4
Ne4 9. Nfd2 Nxd2 10. Nxd2 b6 11. e4 Bb7 12. Qe2 Rc8 13. Rfd1 dxe4 14. Nxe4 Nf6
15. Ng5 Qd7 16. Bh3 Bd6 17. Re1 Rce8 18. Rad1 Bb4 19. Rf1 h6 20. Nf3 Bd6 21.
Ne5 Qc7 22. Rfe1 Bb4 23. Rf1 Bd6 24. Qe3 Nh7 25. c5 Bxe5 26. dxe5 Rd8 27. Rd6
bxc5 28. Rfd1 Qb6 29. Ba3 Rxd6 30. Rxd6 c4 31. Qxb6 axb6 32. Rd7 Ra8 33. Bb4
Ba6 34. Bg2 cxb3 35. axb3 Bb5 36. Be4 f5 37. Bf3 Ra1+ 38. Kg2 Bf1+ 39. Kg1 Bh3+
40. Rd1 Rxd1+ 41. Bxd1 Ng5 42. f4 Ne4 43. Bf3 c5 44. Be1 Kf7 45. Bxe4 fxe4 46.
Kf2 Ke7 47. b4 Kd7 48. bxc5 bxc5 49. Ke3 Bf5 50. Bf2 h5 51. Kd2 Kc6 52. Kc3 Kb5
53. Be3 Bg4 54. Bf2 Bh3 55. Be3 g6 56. Bf2 Bf1 57. Be3 Kc6 58. Bf2 Kd5 59. Be3
Bb5 60. Bf2 Bf1 61. Be3 Be2 62. Bf2 c4 63. Be3 Bf1 64. Kb4 Be2 65. Kc3 Bd1 66.
Kb4 Be2 67. Kc3 Kc6 68. Kb4 Bf1 69. Ka4 Be2 70. Kb4 Kc7 71. Ka4 Kb7 72. Kb4 Ka6
73. Ka4 Bd1+ 74. Kb4 Bb3 75. Kc5 Ka5 76. Kd4 Kb4 77. Bd2+ Ka3 78. Kxe4 Bc2+ 79.
Kd4 Kb3 80. Bc3 Bd3 81. Be1 Kc2 82. Ke3 Bf5 83. Ke2 c3 84. Ke3 Kb2 0-1

[Event "4NCL 3 South pool B"]
[Site "Daventry, ENG"]
[Date "2019.04.13"]
[Round "7.71"]
[White "Brown, Thomas"]
[Black "Forster, Matthew"]
[Result "1-0"]
[WhiteElo "2076"]
[BlackElo "1997"]
[PlyCount "63"]
[EventDate "2019.04.13"]
[WhiteTeam "Rhyfelwyr Essyllwg"]
[BlackTeam "Sussex Martlets 2"]

1. Nf3 c5 2. e4 g6 3. d4 cxd4 4. Qxd4 Nf6 5. Nc3 Nc6 6. Qa4 d6 7. e5 dxe5 8.
Nxe5 Bd7 9. Nxd7 Qxd7 10. Be3 Bg7 11. Be2 O-O 12. Rd1 Qc7 13. O-O a6 14. Qb3 e6
15. Qb6 Qc8 16. Rd2 Nd7 17. Qb3 Qc7 18. Rfd1 Nce5 19. f4 Nc5 20. Qa3 Ned7 21.
b4 Rfd8 22. bxc5 Bf8 23. Ne4 Be7 24. Qa4 b5 25. cxb6 Nxb6 26. Rxd8+ Rxd8 27.
Rxd8+ Qxd8 28. Qa5 Qa8 29. Qxb6 Qxe4 30. Qb8+ Bf8 31. Bc5 Qxe2 32. Qxf8# 1-0

[Event "4NCL 3 South pool B"]
[Site "Daventry, ENG"]
[Date "2019.04.13"]
[Round "7.72"]
[White "Batchelor, Paul A"]
[Black "Hewitt, William"]
[Result "1-0"]
[WhiteElo "2035"]
[BlackElo "2028"]
[PlyCount "85"]
[EventDate "2019.04.13"]
[WhiteTeam "Sussex Martlets 2"]
[BlackTeam "Rhyfelwyr Essyllwg"]

1. e4 c6 2. Nc3 d5 3. Nf3 Bg4 4. h3 Bxf3 5. Qxf3 Nf6 6. Be2 e6 7. O-O dxe4 8.
Nxe4 Nxe4 9. Qxe4 Qd5 10. Qxd5 cxd5 11. d4 Nc6 12. c3 Be7 13. Bf4 O-O 14. Rfe1
Rfd8 15. Rad1 Rac8 16. Bd3 Na5 17. Bc1 Bf6 18. f4 g6 19. g4 Nc4 20. Re2 b5 21.
Rf1 b4 22. f5 bxc3 23. bxc3 exf5 24. gxf5 g5 25. Rg2 h6 26. h4 Kf8 27. hxg5
hxg5 28. Bxg5 Bxg5 29. Rxg5 Nb2 $11 30. Bb1 Rxc3 31. f6 Rd6 32. Bh7 Ke8 33.
Rg8+ Kd7 34. Bf5+ Re6 35. Bxe6+ Kxe6 36. Re8+ Kd6 37. Re7 a5 38. Rxf7 Rg3+ 39.
Kh2 Rg8 40. Ra7 Nc4 41. f7 Rh8+ 42. Kg3 Rf8 43. Rf6# 1-0

[Event "4NCL 3 South pool B"]
[Site "Daventry, ENG"]
[Date "2019.04.13"]
[Round "7.73"]
[White "Ralphs, Nigel"]
[Black "Graham, William M"]
[Result "0-1"]
[WhiteElo "1979"]
[BlackElo "1997"]
[PlyCount "56"]
[EventDate "2019.04.13"]
[WhiteTeam "Rhyfelwyr Essyllwg"]
[BlackTeam "Sussex Martlets 2"]

1. e4 e6 2. d4 d5 3. e5 c5 4. c3 Nc6 5. Nf3 Qb6 6. a3 f6 7. Bd3 fxe5 8. dxe5 g6
9. h4 Bg7 10. h5 Nge7 11. hxg6 hxg6 12. Rxh8+ Bxh8 13. Qc2 Nxe5 14. Nxe5 Bxe5
15. Bxg6+ Kd7 16. Nd2 Kc7 17. Nf3 Bd6 18. Bf7 Bd7 19. Qe2 Nc6 20. Bg5 Rf8 21.
Bg6 e5 22. O-O-O Be6 23. Rh1 e4 24. Rh7+ Kb8 25. Nd2 Ne5 26. Bxe4 dxe4 27. Nxe4
Bf5 28. Nxd6 Nd3+ {White lost on time} 0-1

[Event "4NCL 3 South pool B"]
[Site "Daventry, ENG"]
[Date "2019.04.13"]
[Round "7.74"]
[White "Bennet-Stevens, Lucy"]
[Black "Trevelyan, John"]
[Result "1/2-1/2"]
[WhiteElo "1990"]
[BlackElo "1989"]
[PlyCount "89"]
[EventDate "2019.04.13"]
[WhiteTeam "Sussex Martlets 2"]
[BlackTeam "Rhyfelwyr Essyllwg"]

1. e4 d6 2. d4 e5 3. Nc3 Nf6 4. Nge2 Nc6 5. Be3 Ng4 6. Qd2 Nxe3 7. Qxe3 Be7 8.
Nd5 O-O 9. Nxe7+ Qxe7 10. O-O-O exd4 11. Nxd4 Be6 12. a3 Ne5 13. f4 Nc4 14. Qc3
Nb6 15. Nxe6 fxe6 16. g3 e5 17. fxe5 dxe5 18. Bh3 Rf2 19. Qe3 Rf6 20. Rhf1 Rxf1
21. Rxf1 Rf8 22. Qb3+ Kh8 23. Rxf8+ Qxf8 24. Qe6 g6 25. Qxe5+ Qg7 26. Qf4 Nc4
27. c3 Ne5 28. Kc2 Qe7 29. Qe3 c5 30. Bf1 Qd6 31. Be2 a5 32. Qd2 Qxd2+ 33. Kxd2
Kg7 34. b4 cxb4 35. cxb4 axb4 36. axb4 Kf6 37. Ke3 Ke6 38. b5 b6 39. Kd4 Kd6
40. h3 g5 41. h4 gxh4 42. gxh4 h6 43. Bh5 Ke6 44. Be2 Kd6 45. Bh5 1/2-1/2

[Event "4NCL 3 South pool B"]
[Site "Daventry, ENG"]
[Date "2019.04.13"]
[Round "7.75"]
[White "Van Kemenade, Rudy"]
[Black "Finn, Thomas"]
[Result "1-0"]
[WhiteElo "1924"]
[BlackElo "1960"]
[PlyCount "67"]
[EventDate "2019.04.13"]
[WhiteTeam "Rhyfelwyr Essyllwg"]
[BlackTeam "Sussex Martlets 2"]

1. e4 e5 2. Nf3 Nf6 3. Nxe5 d6 4. Nf3 Nxe4 5. d4 d5 6. Bd3 Be7 7. O-O Nc6 8. c3
O-O 9. Nbd2 Nf6 10. b4 a6 11. a4 Bg4 12. Qc2 Bd6 13. Ba3 Ne7 14. Ne5 Ng6 15. f4
Re8 16. Rae1 a5 17. Qb3 c6 18. b5 Qc7 19. c4 Bxa3 20. Qxa3 Bd7 21. bxc6 bxc6
22. c5 Rab8 23. Bxg6 fxg6 24. Rb1 Bf5 25. Rxb8 Rxb8 26. Rf3 Rb4 27. Rb3 Rxd4
28. Ndf3 Rd1+ 29. Kf2 Bc2 30. Rb6 Ne4+ 31. Ke2 d4 32. Qa2+ Kf8 33. Rb8+ Ke7 34.
Qf7# 1-0

[Event "4NCL 3 South pool B"]
[Site "Daventry, ENG"]
[Date "2019.04.13"]
[Round "7.76"]
[White "Michaud, Gerald"]
[Black "Jones, Derek"]
[Result "0-1"]
[WhiteElo "1848"]
[BlackElo "1937"]
[PlyCount "48"]
[EventDate "2019.04.13"]
[WhiteTeam "Sussex Martlets 2"]
[BlackTeam "Rhyfelwyr Essyllwg"]

1. d4 Nf6 2. c4 g6 3. Nc3 d5 4. Bf4 Bg7 5. e3 O-O 6. cxd5 Nxd5 7. Nxd5 Qxd5 8.
Bxc7 Na6 9. Bxa6 Qxg2 10. Qf3 Qxf3 11. Nxf3 bxa6 12. Ke2 Bg4 13. Rac1 Rac8 14.
Rhg1 Bh5 15. Rg3 e5 16. Kd3 Bxf3 17. Rxf3 e4+ 18. Kxe4 f5+ 19. Kd5 Rf7 20. Kd6
Bf8+ 21. Ke6 Rfxc7 22. Rxc7 Rxc7 23. d5 Re7+ 24. Kf6 Re4 0-1

[Event "4NCL 3 South pool B"]
[Site "Daventry, ENG"]
[Date "2019.04.13"]
[Round "7.81"]
[White "McKenna, Jason P"]
[Black "Josse, Mark"]
[Result "0-1"]
[WhiteElo "2125"]
[BlackElo "2188"]
[PlyCount "80"]
[EventDate "2019.04.13"]
[WhiteTeam "Oxford 2"]
[BlackTeam "The Rookies"]

1. e4 c5 2. Nf3 e6 3. d4 cxd4 4. Nxd4 Nf6 5. Nc3 d6 6. Be2 a6 7. O-O Qc7 8. a4
Nc6 9. Be3 Be7 10. Kh1 O-O 11. f4 Nxd4 12. Qxd4 e5 13. Qd2 Bd7 14. fxe5 dxe5
15. Bg5 Bc6 16. Bxf6 Bxf6 17. Nd5 Bxd5 18. exd5 Be7 19. c4 a5 20. Rad1 Bd6 21.
Qe3 Rad8 22. b3 Qe7 23. Qe4 g6 24. g4 Qh4 25. Qg2 e4 26. Qf2 Qxf2 27. Rxf2 f5
28. gxf5 gxf5 29. Rdf1 f4 30. Bg4 b6 31. Re2 e3 32. Rf3 Kg7 33. Rh3 Rf6 34. Rh5
Rg6 35. Bf3 Kf6 36. Bg4 Rgg8 37. Rf5+ Ke7 38. h3 Rdf8 39. Rxf8 Kxf8 40. Rg2
Rxg4 0-1

[Event "4NCL 3 South pool B"]
[Site "Daventry, ENG"]
[Date "2019.04.13"]
[Round "7.82"]
[White "Burrows, Martin P"]
[Black "Moyse, Nigel John"]
[Result "1-0"]
[WhiteElo "2146"]
[BlackElo "2061"]
[PlyCount "55"]
[EventDate "2019.04.13"]
[WhiteTeam "The Rookies"]
[BlackTeam "Oxford 2"]

1. e4 d6 2. d4 Nf6 3. Nc3 g6 4. Be3 Bg7 5. Qd2 O-O 6. O-O-O a6 7. f3 b5 8. g4
Nbd7 9. h4 Bb7 10. h5 Bh8 11. hxg6 fxg6 12. Bh3 Ne8 13. Qh2 Rf7 14. g5 Nf8 15.
Nge2 Bc8 16. f4 Bxh3 17. Qxh3 Qd7 18. f5 e6 19. f6 b4 20. Nb1 Qa4 21. Bd2 Qxa2
22. Nf4 Qc4 23. d5 e5 24. Ne6 Qxe4 25. Qh6 Nd7 26. Ng7 Bxg7 27. Qxh7+ Kf8 28.
Qh8+ 1-0

[Event "4NCL 3 South pool B"]
[Site "Daventry, ENG"]
[Date "2019.04.13"]
[Round "7.83"]
[White "Cole, James"]
[Black "Compton, Alistair"]
[Result "1/2-1/2"]
[WhiteElo "2027"]
[BlackElo "2023"]
[PlyCount "88"]
[EventDate "2019.04.13"]
[WhiteTeam "Oxford 2"]
[BlackTeam "The Rookies"]

1. d4 e6 2. Nf3 d5 3. e3 c5 4. b3 Nf6 5. Bd3 Qa5+ 6. c3 Nc6 7. O-O Qc7 8. Nbd2
Bd6 9. h3 Bd7 10. Bb2 O-O 11. dxc5 Bxc5 12. c4 Be7 13. Rc1 Rad8 14. Qe2 Rfe8
15. a3 Qb8 16. b4 dxc4 17. Nxc4 a6 18. e4 b5 19. Ne3 e5 20. Kh2 Nd4 21. Qd1
Nxf3+ 22. Qxf3 Bxh3 23. Bxb5 Qxb5 24. Kxh3 Qd3 25. Rc4 Bd6 $11 26. Rd1 Qb3 27.
Rd2 Bb8 28. Qe2 Ba7 29. Rxd8 Rxd8 30. Qd2 Re8 31. Qc2 Qxc2 32. Nxc2 Bxf2 33.
Rc6 Re6 34. Rxe6 fxe6 35. Bxe5 Nxe4 36. a4 Kf7 37. Kg4 Ba7 38. b5 axb5 39. axb5
Nf6+ 40. Kf3 Bc5 41. Ne3 Nd7 42. Bc3 g6 43. Nc4 Nb6 44. Ne5+ Ke8 1/2-1/2

[Event "4NCL 3 South pool B"]
[Site "Daventry, ENG"]
[Date "2019.04.13"]
[Round "7.84"]
[White "Gibson, Christopher A"]
[Black "Wilson, Edgar"]
[Result "1-0"]
[WhiteElo "1887"]
[BlackElo "1922"]
[PlyCount "89"]
[EventDate "2019.04.13"]
[WhiteTeam "The Rookies"]
[BlackTeam "Oxford 2"]

1. e4 e6 2. d4 d5 3. Nc3 Bb4 4. e5 c5 5. a3 Bxc3+ 6. bxc3 Ne7 7. Qg4 O-O 8. Bd3
f5 9. exf6 Rxf6 10. Bg5 Rf7 11. Qh5 g6 12. Qd1 Nbc6 13. Nf3 Qa5 14. Bd2 Qa4 15.
Qb1 c4 16. Be2 Qa5 17. h4 Qc7 18. Qb2 e5 19. dxe5 Nxe5 20. O-O-O Ng4 21. Rdf1
Bd7 22. g3 Raf8 23. Bf4 Rxf4 24. gxf4 Rxf4 25. h5 Bf5 26. hxg6 Bxg6 27. Nh4
Rxf2 28. Nxg6 Nxg6 29. Qb5 Rxe2 30. Qxd5+ Kg7 31. Qh5 h6 32. Qxg4 Qe7 33. Kb2
Re6 34. Rd1 Rd6 35. Rxd6 Qxd6 36. Rd1 Qf6 37. Rd7+ Kh8 38. Qxc4 b6 39. Rxa7 h5
40. Qd5 Ne7 41. Qxh5+ Kg7 42. Qe8 Qf5 43. Rxe7+ Kh6 44. Qh8+ Kg6 45. Qg7+ 1-0

[Event "4NCL 3 South pool B"]
[Site "Daventry, ENG"]
[Date "2019.04.13"]
[Round "7.85"]
[White "MacQueen, Stuart"]
[Black "Jaszkiwskyj, Peter"]
[Result "1-0"]
[WhiteElo "1890"]
[BlackElo "1919"]
[PlyCount "127"]
[EventDate "2019.04.13"]
[WhiteTeam "Oxford 2"]
[BlackTeam "The Rookies"]

1. d4 d5 2. c4 e6 3. Nf3 Be7 4. Nc3 Nf6 5. Bf4 O-O 6. e3 c5 7. Bd3 Nc6 8. cxd5
Nxd5 9. Bg3 cxd4 10. exd4 Bf6 11. O-O Ndb4 12. Nb5 a6 13. Nd6 Nxd3 14. Qxd3 Qb6
15. Nc4 Qb5 16. a4 Qh5 17. Nb6 Ra7 18. Qc3 a5 19. Bc7 Ra6 20. Ne5 Nxe5 21. dxe5
Bxe5 22. Bxe5 Rxb6 23. Bxg7 Rc6 24. Qg3 Re8 25. Bc3+ Qg6 26. Qe5 f6 27. Qxa5 e5
28. Kh1 Be6 29. Rad1 Bc4 30. Rg1 Qf5 31. Rd8 Rc8 32. Rxe8+ Rxe8 33. Qc5 Qd3 34.
Re1 Kf7 35. Bb4 Qd5 36. Qc7+ Kg6 37. Re3 Qf7 38. Rg3+ Kf5 39. Rf3+ Kg6 40. Qb6
Re6 41. Rg3+ Kf5 42. Qe3 Rc6 43. Qf3+ Ke6 44. Qg4+ f5 45. Qh4 Kd7 46. Re3 e4
47. Qf4 Bd3 48. h3 Rg6 49. g4 Qf6 50. Bc3 Qg5 51. Qxf5+ Qxf5 52. gxf5 Rg8 53.
Rg3 Bc4 54. Kg2 Kd6 55. f6 Kc5 56. f4 Rxg3+ 57. Kxg3 Bf7 58. Kf2 Kd6 59. f5 Kd5
60. Ke3 Be8 61. a5 Bf7 62. Kf4 h5 63. Kg5 e3 64. Kh6 1-0

[Event "4NCL 3 South pool B"]
[Site "Daventry, ENG"]
[Date "2019.04.13"]
[Round "7.86"]
[White "Curran, David P"]
[Black "Terry, Sean"]
[Result "0-1"]
[WhiteElo "1772"]
[BlackElo "1888"]
[PlyCount "66"]
[EventDate "2019.04.13"]
[WhiteTeam "The Rookies"]
[BlackTeam "Oxford 2"]

1. d4 Nf6 2. c4 c5 3. d5 b5 4. cxb5 a6 5. b6 d6 6. Nc3 Qxb6 7. e4 g6 8. Nf3
Nbd7 9. Bc4 Bg7 10. O-O O-O 11. a4 Qb4 12. Qe2 Ng4 13. Bd2 Nge5 14. Nxe5 Nxe5
15. Ba2 c4 16. Rab1 f5 17. b3 f4 18. f3 Bd7 19. bxc4 Qc5+ 20. Kh1 g5 21. Nd1
Bxa4 22. Bb4 Qd4 23. Nb2 a5 24. Be1 Bd7 25. Bf2 Qc3 26. Rfd1 Rfb8 27. c5 dxc5
28. Nc4 Nxc4 29. Bxc4 Bd4 30. Bxd4 cxd4 31. Qd3 a4 32. Rdc1 Qxd3 33. Bxd3 a3 {
White lost on time} 0-1

[Event "4NCL 3 South pool C"]
[Site "Daventry, ENG"]
[Date "2019.05.05"]
[Round "10.11"]
[White "Martin, Lewis"]
[Black "Scott, David A"]
[Result "1/2-1/2"]
[WhiteElo "2196"]
[BlackElo "2156"]
[PlyCount "137"]
[EventDate "2019.05.05"]
[WhiteTeam "Check Innmates 1"]
[BlackTeam "Surbiton"]

1. e4 e6 2. d4 d5 3. Nd2 Be7 4. Bd3 c5 5. dxc5 Nf6 6. exd5 Qxd5 7. Ngf3 Qxc5 8.
O-O O-O 9. Qe2 Nbd7 10. b3 Qh5 11. Bb2 Nd5 12. Nd4 Qxe2 13. Bxe2 Rd8 14. Rfd1
Nc5 15. N2f3 f6 16. Bc4 Nb6 17. Bf1 a6 18. c4 e5 19. Nc2 Bg4 20. Ne3 Bxf3 21.
gxf3 Ne6 22. Bd3 Rac8 23. Bf5 Rc6 24. Nd5 Kf7 25. Nxe7 Rxd1+ 26. Rxd1 Kxe7 27.
Ba3+ Kf7 28. Rd6 Rxd6 29. Bxd6 Nd7 30. Be4 b6 31. b4 a5 32. a3 axb4 33. axb4
Nf4 34. Bc6 Ke6 35. Bc7 Nd3 36. b5 N3c5 37. f4 exf4 38. Bxf4 Ne5 39. Bd5+ Kf5
40. Be3 Ned7 41. f3 g5 42. Kf2 Kg6 43. Kg3 h6 44. Bd4 Nb3 45. Be3 Nbc5 46. f4
Kf5 47. Kf3 h5 48. h3 Kg6 49. Bc6 Kf5 50. Bd5 Kg6 51. fxg5 fxg5 52. Bd4 Nb3 53.
Bc3 Nbc5 54. Be4+ Nxe4 55. Kxe4 Nc5+ 56. Ke5 Nd7+ 57. Kd6 Nc5 58. Bd4 Na4 59.
Ke5 h4 60. Ke4 g4 61. hxg4 h3 62. Kf3 h2 63. Kg2 Kg5 64. Kxh2 Kxg4 65. Kg2 Kf4
66. Kf2 Ke4 67. Bxb6 Nxb6 68. c5 Na4 69. c6 1/2-1/2

[Event "4NCL 3 South pool C"]
[Site "Daventry, ENG"]
[Date "2019.05.05"]
[Round "10.12"]
[White "Tambini, Jasper"]
[Black "Headlong, Timothy"]
[Result "1/2-1/2"]
[WhiteElo "2066"]
[BlackElo "2127"]
[PlyCount "53"]
[EventDate "2019.05.05"]
[WhiteTeam "Surbiton"]
[BlackTeam "Check Innmates 1"]

1. e4 c5 2. Nc3 Nc6 3. f4 g6 4. Nf3 Bg7 5. Bb5 Nd4 6. O-O Nxb5 7. Nxb5 d5 8. e5
a6 9. Nc3 Bg4 10. d4 cxd4 11. Qxd4 Bxf3 12. Rxf3 e6 13. Be3 Bf8 14. Ne2 Ne7 15.
Qd2 Nc6 16. Nd4 Na5 17. b3 Rc8 18. Raf1 Nc6 19. c3 Nxd4 20. cxd4 h5 21. Rh3 Rg8
22. Bf2 Qc7 23. Be3 Be7 24. Rc1 Qxc1+ 25. Qxc1 Rxc1+ 26. Bxc1 Kd7 27. Rc3
1/2-1/2

[Event "4NCL 3 South pool C"]
[Site "Daventry, ENG"]
[Date "2019.05.05"]
[Round "10.13"]
[White "Richmond, Jane"]
[Black "Seymour, Timothy P"]
[Result "1/2-1/2"]
[WhiteElo "2077"]
[BlackElo "2123"]
[PlyCount "55"]
[EventDate "2019.05.05"]
[WhiteTeam "Check Innmates 1"]
[BlackTeam "Surbiton"]

1. e4 e5 2. Nf3 Nc6 3. Bb5 g6 4. d4 exd4 5. Nxd4 Bg7 6. Be3 Nf6 7. Nc3 O-O 8.
O-O Ne7 9. Re1 d5 10. e5 Nd7 11. Bg5 h6 12. Bh4 g5 13. Bg3 Nc5 14. h4 c6 15.
Bf1 Ne6 16. hxg5 hxg5 17. Nxe6 Bxe6 18. Qh5 Nf5 19. Bd3 Re8 20. Bf4 gxf4 21.
Bxf5 Bxf5 22. Qxf5 Qh4 23. Rad1 Re6 24. Rd3 Rg6 25. e6 Qf6 26. exf7+ Qxf7 27.
Qxf7+ Kxf7 28. Rf3 1/2-1/2